000 00844nam a22002537a 4500
005 20170123162306.0
010 _aB-209059
020 _c150.00
_a8182232171
035 _aB-209059
037 _bCen Lib/Ret
040 _aDPL
_bUR
082 _aک
_bم ن ش
100 _aمنشا ياد
_9661
245 _aخواب سرائے :‏
_cمنشا ياد
_b‏افسانے /
246 _aKhjwab sari : afsane /
_bby Manshayad
260 _a دہلی
_bاىجوکىشنل پبلشنگ هاؤس
_c2006
270 _a٣٠١٨، گلی وکیل کوچہ پنڈت، لال کوان
_b دہلی
_e110006
300 _a215p.
_c21cm(Hb)
650 _a ادب - اردو
_9110930
650 _a اردو کہانیاں
_9818
650 _aLiterature -- Urdu
_9110931
650 _aUrdu stories
_9110932
942 _2ddc
_cUR
_hک
_mم ن ش
999 _c106341
_d106341